Vybrané metody řízení /

Hlavní autor: Holas, Zdeněk
Jazyk: Čeština
Vydáno: Praha : Institut pro výchovu vedoucích pracovníků ministerstva průmyslu ČSR, 1986
Edice: Knižnice moderních metod řízení
Témata:
Fyzický popis: 93 s., příl.
Knihy
Uloženo v:
LEADER 00833nam a22002532a 4500
001 000227357
003 CZ BrMZK
005 20210916084607.0
007 ta
008 950101s1986 xr f cze d
015 |a cnb000019999 
040 |a BOA001  |b cze 
100 1 |a Holas, Zdeněk  |7 xx0149791  |4 aut 
245 1 0 |a Vybrané metody řízení /  |c Zdeněk Holas 
260 |a Praha :  |b Institut pro výchovu vedoucích pracovníků ministerstva průmyslu ČSR,  |c 1986 
300 |a 93 s., příl. 
490 1 |a Knižnice moderních metod řízení 
504 |a Obsahuje bibliografii 
830 0 |a Knižnice moderních metod řízení  |0 s 
910 |a BOA001  |b 2-0912.615 
964 |a Řízení - metody 
990 |a BK 
991 |b 200702 
996 6 |b 2619909651  |c 2-0912.615  |l MZK  |r Sklad / do 1 hodiny  |n 4  |w 000227357  |u 000010  |a 1  |e BOA001  |j MZK50  |s P